| 000 | 00658nam a2200193Ia 4500 | ||
|---|---|---|---|
| 003 | GCL | ||
| 008 | 140319s9999 xx 000 0 ara d | ||
| 020 | _a0366327977 | ||
| 040 |
_aGCL / _cGCL |
||
| 082 | 0 | 4 |
_a811.09 _bم م |
| 100 | 1 | _aمختار عطية | |
| 245 | 1 | 0 |
_aمختارات من شعر ايمان يوسف : _bبين الرؤية والاداة / _cمختار عطية |
| 260 |
_aالقاهرة : _bدار الوفاء لدنيا الطباعة والنشر ، _c2003 |
||
| 300 |
_a124 ص ؛ _c18 سم |
||
| 650 | 0 | 4 | _aالشعر العربى |
| 650 | 0 | 4 | _aالشعر - تاريخ ونقد |
| 650 | 0 | 4 | _aايمان يوسف |
| 942 |
_2ddc _cBK |
||
| 999 |
_c8892 _d8892 |
||